The World's Leading Countries for Innovation and Technology - Statistics

General Stats
  • This quiz has been taken 246 times
  • The average score is 8 of 10
Answer Stats
Hint Answer % Correct
3 USA
99%
2 Japan
96%
9 Germany
89%
8 South Korea
85%
5 Sweden
78%
1 Finland
69%
10 Singapore
68%
7 Denmark
67%
6 Switzerland
66%
4 Israel
48%
No matching quizzes found
Score Distribution
Percent of People with Each Score
Percentile by Number Answered
Your Score History
You have not taken this quiz